東方Projectのキャラ当てるだけ - Statistics

General Stats
  • This quiz has been taken 842 times
  • The average score is 45 of 107
Answer Stats
Answer % Correct
博麗霊夢
93%
霧雨魔理沙
88%
フランドール・スカーレット
82%
十六夜咲夜
81%
レミリア・スカーレット
81%
チルノ
79%
魂魄妖夢
73%
パチュリー・ノーレッジ
73%
アリス・マーガトロイド
68%
大妖精
67%
八雲紫
65%
東風谷早苗
64%
古明地こいし
64%
古明地さとり
64%
西行寺幽々子
63%
紅美鈴
63%
ルーミア
61%
八雲藍
60%
小悪魔
59%
因幡てゐ
58%
射命丸文
58%
58%
鈴仙・優曇華院・イナバ
58%
藤原妹紅
56%
八意永琳
56%
蓬莱山輝夜
55%
河城にとり
52%
洩矢諏訪子
51%
リグル・ナイトバグ
51%
犬走椛
49%
ナズーリン
49%
リリカ・プリズムリバー
49%
秋静葉
48%
四季映姫・ヤマザナドゥ
48%
ルナサ・プリズムリバー
48%
レティ・ホワイトロック
48%
ミスティア・ローレライ
47%
メルラン・プリズムリバー
47%
秋穣子
46%
八坂神奈子
46%
上白沢慧音
45%
伊吹萃香
44%
火焔猫燐
44%
聖白蓮
44%
リリー・ホワイト
43%
小野塚小町
42%
霊烏路空
42%
鍵山雛
41%
風見幽香
41%
キスメ
40%
水橋パルスィ
40%
多々良小傘
39%
星熊勇儀
39%
純狐
38%
寅丸星
38%
クラウンピース
37%
豊聡耳神子
36%
物部布都
36%
封獣ぬえ
35%
村紗水蜜
35%
わかさぎ姫
35%
雲居一輪
34%
比那名居天子
34%
雲山
33%
メディスン・メランコリー
33%
茨木華扇
32%
鬼人正邪
32%
サニーミルク
32%
赤蛮奇
32%
蘇我屠自古
32%
摩多羅隠岐奈
32%
鈴瑚
31%
ルナチャイルド
31%
今泉影狼
30%
ドレミー・スイート
30%
姫海棠はたて
30%
二ッ岩マミゾウ
30%
ヘカーティア・ラピスラズリ
30%
霍青娥
29%
幽谷響子
29%
清蘭
29%
九十九弁々
29%
エタニティラルバ
28%
稀神サグメ
28%
黒谷ヤマメ
28%
宇佐見菫子
27%
高麗野あうん
27%
少名針妙丸
27%
永江衣玖
27%
秦こころ
27%
堀川雷鼓
27%
スターサファイア
26%
九十九八橋
26%
丁礼田舞
26%
宮古芳香
26%
依神紫苑
25%
依神女苑
24%
坂田ネムノ
23%
爾子田里乃
23%
牛崎潤美
22%
庭渡久侘歌
22%
矢田寺成美
22%
吉弔八千慧
21%
驪駒早鬼
21%
埴安神袿姫
21%
戎瓔花
20%
杖刀偶磨弓
18%
No matching quizzes found
Score Distribution
Percent of People with Each Score
Percentile by Number Answered
Your Score History
You have not taken this quiz